<?xml version='1.0' encoding='UTF-8'?>
  <record xmlns="http://www.loc.gov/MARC21/slim">
    <leader>00000ctm a22000007i 4500</leader>
    <controlfield tag="001">ocn965428870</controlfield>
    <controlfield tag="003">OCoLC</controlfield>
    <controlfield tag="005">20250730021405.5</controlfield>
    <controlfield tag="008">110309q1438    xx            000 0 dum d</controlfield>
    <datafield tag="040" ind1=" " ind2=" ">
      <subfield code="a">QGJ</subfield>
      <subfield code="b">dut</subfield>
      <subfield code="c">QGJ</subfield>
      <subfield code="d">OCLCL</subfield>
      <subfield code="d">OCLCQ</subfield>
    </datafield>
    <datafield tag="035" ind1=" " ind2=" ">
      <subfield code="a">(OCoLC)965428870</subfield>
    </datafield>
    <datafield tag="245" ind1="0" ind2="0">
      <subfield code="a">Vanden levene ons heren.</subfield>
      <subfield code="f">UBU Hs. 1329 (Hs 5 F 12).</subfield>
    </datafield>
    <datafield tag="246" ind1="1" ind2=" ">
      <subfield code="a">Van den levene ons heren</subfield>
    </datafield>
    <datafield tag="246" ind1="1" ind2=" ">
      <subfield code="a">Vanden houte</subfield>
    </datafield>
    <datafield tag="246" ind1="1" ind2=" ">
      <subfield code="a">Van den houte</subfield>
    </datafield>
    <datafield tag="246" ind1="1" ind2=" ">
      <subfield code="a">Boec van den houte</subfield>
    </datafield>
    <datafield tag="246" ind1="1" ind2=" ">
      <subfield code="a">Gulden legende</subfield>
    </datafield>
    <datafield tag="260" ind1=" " ind2=" ">
      <subfield code="a">Oetingen,</subfield>
      <subfield code="c">1438.</subfield>
    </datafield>
    <datafield tag="300" ind1=" " ind2=" ">
      <subfield code="a">66 fols. ;</subfield>
      <subfield code="c">218 x 150 (fols. 1-37: 163 x 113, fols. 39-66: 175 x 113) mm.</subfield>
    </datafield>
    <datafield tag="336" ind1=" " ind2=" ">
      <subfield code="a">text</subfield>
      <subfield code="b">txt</subfield>
      <subfield code="2">rdacontent</subfield>
    </datafield>
    <datafield tag="337" ind1=" " ind2=" ">
      <subfield code="a">unmediated</subfield>
      <subfield code="b">n</subfield>
      <subfield code="2">rdamedia</subfield>
    </datafield>
    <datafield tag="338" ind1=" " ind2=" ">
      <subfield code="a">volume</subfield>
      <subfield code="b">nc</subfield>
      <subfield code="2">rdacarrier</subfield>
    </datafield>
    <datafield tag="340" ind1=" " ind2=" ">
      <subfield code="a">paper</subfield>
      <subfield code="k">fols. 1-37: 2 columns, fols. 39-66: 1 column; fols. 1-33: 37-41 lines, fols. 34-37: 34-40 lines, fols. 39-66: 39-42 lines; littera cursiva.</subfield>
    </datafield>
    <datafield tag="500" ind1=" " ind2=" ">
      <subfield code="a">Colofon: (fol 33v): Dit was gheint in jaersavonde toetinghen. Int jaer ons heren als men screef M.cccc en de xxxviii.</subfield>
    </datafield>
    <datafield tag="500" ind1=" " ind2=" ">
      <subfield code="a">Also contains: Vanden levene ons heren (fol. 1r-33v); Vanden houte (fol. 34r-37v) and: Gulden legende (fol. 39r-66v).</subfield>
    </datafield>
    <datafield tag="500" ind1=" " ind2=" ">
      <subfield code="a">Fol. 38r-38v blank.</subfield>
    </datafield>
    <datafield tag="500" ind1=" " ind2=" ">
      <subfield code="a">Vanden levene ons heren is een anoniem dichtwerk over het leven en lijden van Christus naar de vier Evangeliën en het apocriefe Evangelie van Nicodemus; Vanden houte handelt over de geschiedenis van het H. Kruis en is geschreven door een navolger van Jacob van Maerlant; Gulden legende bevat de eerste twaalf legenden uit de eerste Middelnederlandse vertaling van de Legenda aurea van Jacobus de Voragine.</subfield>
    </datafield>
    <datafield tag="500" ind1=" " ind2=" ">
      <subfield code="a">Also available in printed edition: Vanden levene ons Heren. Uitg. W.H. Beuken. 2 vols. Zwolle, 1968 (= Zwolse drukken en herdrukken voor de Maatschappij der Nederlandse letterkunde te Leiden no. 60). Vol. 1: passim (text edition fol. 1-33). Vol. 2, p. 9-20: descrition of the entire manuscript.</subfield>
    </datafield>
    <datafield tag="500" ind1=" " ind2=" ">
      <subfield code="a">"Vanden levene ons heren, Vanden houte and the introduction to Gulden legende" also available in printed edition: Van den levene ons Heren : een rijmwerk uit de Middeleeuwen / uitg. P. J. Vermeulen. - Utrecht : N. van der Monde, 1843.</subfield>
    </datafield>
    <datafield tag="524" ind1=" " ind2=" ">
      <subfield code="a">Cite as: Universiteitsbibliotheek Utrecht Hs. 1329 (Hs 5 F 12).</subfield>
    </datafield>
    <datafield tag="563" ind1=" " ind2=" ">
      <subfield code="a">18th of 19thC binding (part-parchment) over pasteboards.</subfield>
    </datafield>
    <datafield tag="581" ind1=" " ind2=" ">
      <subfield code="a">P.A. Tiele, Catalogus codicum manu scriptorum Bibliothecae Universitatis Rheno-Trajectinae. I. Trajecti ad Rhenum / Hagae Comitis 1887. p. 316.</subfield>
    </datafield>
    <datafield tag="581" ind1=" " ind2=" ">
      <subfield code="a">G.I. Lieftinck, Manuscrits datés conservés dans les Pays-Bas. I. Les manuscrits d'origine étrangere (816 - c. 1550). Amsterdam 1964. p. 124 nr. 287, pl. 172-173.</subfield>
    </datafield>
    <datafield tag="581" ind1=" " ind2=" ">
      <subfield code="a">J.P. Gumbert, Manuscrits datés conservés dans les Pays-Bas. Vol. 2: Les manuscrits d'origine néerlandaise (XIVe-XVIe siècles) et Suppl. au tome premier. Leiden etc. 1988. p. 276.</subfield>
    </datafield>
    <datafield tag="581" ind1=" " ind2=" ">
      <subfield code="a">S.G. Axters, Bibliotheca dominicana Neerlandica manuscripta 1224-1500. Louvain 1970. (= Bibliothèque de la Revue d'histoire ecclésiastique 49). p. 170 (fol. 39-66).</subfield>
    </datafield>
    <datafield tag="581" ind1=" " ind2=" ">
      <subfield code="a">J. Deschamps, Middelnederlandse handschriften uit Europese en Amerikaanse bibliotheken. Tentoonstelling ter gelegenheid van het honderdjarig bestaan van de Koninklijke Zuidnederlandse Maatschappij voor Taal- en Letterkunde en Geschiedenis. Leiden 1972. Tweede herziene druk. p. 52, 90, 198.</subfield>
    </datafield>
    <datafield tag="581" ind1=" " ind2=" ">
      <subfield code="a">R. Lievens, 'Vanden levens ons heren. De herkomst van hs. Utrecht U.B. 1329 (eccl. 507)', in: De nieuwe taalgids 51 (1958), p. 215-216. p. 215-216 (fol. 1-33).</subfield>
    </datafield>
    <datafield tag="581" ind1=" " ind2=" ">
      <subfield code="a">P.F.J. Obbema, 'Writing on uncut sheets', in: Quaerendo 8 (1978), p. 337-354. p. 341, 350.</subfield>
    </datafield>
    <datafield tag="581" ind1=" " ind2=" ">
      <subfield code="a">G.P. van der Stroom, 'De geschiedenis van de Hooft-handschriften ontraatseld', in: Tijdschrift voor Nederlandse taal- en letterkunde 113 (1997), 1, p. 2-27. p. 21 nt. 37.</subfield>
    </datafield>
    <datafield tag="581" ind1=" " ind2=" ">
      <subfield code="a">E. Verwijs, J. Verdam &amp; F.A. Stoett, Middelnederlandsch woordenboek 10. Tekstcritiek ... en bouwstoffen ... 's-Gravenhage 1927-1941. Bouwstoffen 659, 852 sub 1, 852 sub 2, 1318.</subfield>
    </datafield>
    <datafield tag="581" ind1=" " ind2=" ">
      <subfield code="a">W. Williams-Krapp, Die deutschen und niederländischen Legendare des Mittelalters. Studien zu ihrer Überlieferungs-, Text-, und Wirkungsgeschichte. Tübingen 1986. (= Texte und Textgeschichte 20). p. 83.</subfield>
    </datafield>
    <datafield tag="655" ind1=" " ind2="7">
      <subfield code="a">Handschriften (vorm)</subfield>
      <subfield code="0">(NL-LeOCL)088143309.</subfield>
      <subfield code="2">gtt</subfield>
    </datafield>
    <datafield tag="700" ind1="0" ind2=" ">
      <subfield code="a">Jacobus de Voragine.</subfield>
    </datafield>
    <datafield tag="700" ind1="1" ind2=" ">
      <subfield code="a">Booth, Cornelis,</subfield>
      <subfield code="e">former owner.</subfield>
      <subfield code="4">fmo</subfield>
      <subfield code="5">NL-UtRU</subfield>
    </datafield>
    <datafield tag="710" ind1="2" ind2=" ">
      <subfield code="a">Archief der Provincie Utrecht (Utrecht)</subfield>
      <subfield code="e">former owner.</subfield>
      <subfield code="4">fmo</subfield>
      <subfield code="5">NL-UtRU</subfield>
    </datafield>
    <datafield tag="758" ind1=" " ind2=" ">
      <subfield code="a">Vanden levene ons heren UBU Hs. 1329 (Hs 5 F 12) (Text)</subfield>
      <subfield code="1">https://id.oclc.org/worldcat/entity/E39PCYx9bkX8YhGDbKrvDD8Vyb</subfield>
      <subfield code="4">https://id.oclc.org/worldcat/ontology/hasWork</subfield>
    </datafield>
    <datafield tag="856" ind1="4" ind2="1">
      <subfield code="u">http://objects.library.uu.nl/reader/resolver.php?obj=002338126&amp;type=2</subfield>
      <subfield code="x">Online</subfield>
      <subfield code="z">Full Text</subfield>
    </datafield>
    <datafield tag="936" ind1=" " ind2=" ">
      <subfield code="a">BATCHLOAD</subfield>
    </datafield>
  </record>